Word Ladder: Renaissance Man Quiz Stats

 Plays Quiz Updated Sep 5, 2019

Score 0/20 Timer 02:00
5 Plays Today
Clue 3-Letter Word % Correct
Number of cents in a dimeTEN
98.3%
A silvery-white metalTIN
96.5%
Octopus liquidINK
95.4%
Type of beerALE
94.6%
Santa's helperELF
94.5%
Female fowlHEN
93.8%
80s TV alienALF
93.2%
Slippery, skinny fishEEL
92.8%
Large deerELK
92.4%
Interjection after seeing a mouseEEK
92.4%
Clue 3-Letter Word % Correct
Muscle twitchTIC
92.4%
• Voice amplifier, for short •• MIC •
90.5%
Present plural form of 'to be'ARE
89.8%
Similar typeILK
88.8%
Fresco or sculpture, e.g.ART
88.4%
• Norse goddess of death •• HEL •
87.7%
Colonial crawlerANT
86.8%
Life of Pi director: ____ Lee •• ANG •
80.2%
Gerund suffixING
80%
• Chess skill level rating system •• ELO •
46.8%

Today's Daily Dose

You're not logged in!

Compare scores with friends on all Sporcle quizzes.
OR
Log In

Sporcle TV

Today on Sporcle TV


Watch our educational content, quiz creation guides, and fun videos on Sporcle TV.

Show Comments

Extras

Top Quizzes Today


Score Distribution

Your Account Isn't Verified!

In order to create a playlist on Sporcle, you need to verify the email address you used during registration. Go to your Sporcle Settings to finish the process.

Report this User

Report this user for behavior that violates our Community Guidelines.

Details: